Máy và thiết bị xây dựng

TM tài liệu tham khảo tr. 282; Gồm 9 chương: Khái niệm chung về máy xây dựng; các phương tiện vận chuyển; máy nâng; máy làm đất; thiết bị gia cố nền móng; máy và thiết bị gia công đá; máy phục vụ công tác bê tông; máy và thiết bị làm đườ...

Full beskrivning

Sparad:
Bibliografiska uppgifter
Huvudupphovsman: Nguyễn, Văn Hùng
Materialtyp: Bok
Språk:Undetermined
Publicerad: H. Xây dựng 2013
Ämnen:
Länkar:http://lrc.tdmu.edu.vn/opac/search/detail.asp?aID=2&ID=21998
Taggar: Lägg till en tagg
Inga taggar, Lägg till första taggen!
Thư viện lưu trữ: Trung tâm Học liệu Trường Đại học Thủ Dầu Một
LEADER 01088nam a2200205Ia 4500
001 TDMU_21998
008 210410s9999 xx 000 0 und d
082 |a 624.028 
090 |b NG527 
100 |a Nguyễn, Văn Hùng 
245 0 |a Máy và thiết bị xây dựng 
245 0 |c Nguyễn Văn Hùng 
260 |a H. 
260 |b Xây dựng 
260 |c 2013 
300 |a 284 tr. 
520 |a TM tài liệu tham khảo tr. 282; Gồm 9 chương: Khái niệm chung về máy xây dựng; các phương tiện vận chuyển; máy nâng; máy làm đất; thiết bị gia cố nền móng; máy và thiết bị gia công đá; máy phục vụ công tác bê tông; máy và thiết bị làm đường; khai thác sử dụng máy xây dựng. 
650 |a Xây dựng  |x Máy móc  |x Thiết bị; Máy móc  |x Thiết bị  |x Xây dựng 
856 |u http://lrc.tdmu.edu.vn/opac/search/detail.asp?aID=2&ID=21998 
980 |a Trung tâm Học liệu Trường Đại học Thủ Dầu Một